[Event "Antofagasta Zicosur op 2nd"]
[Site "Antofagasta"]
[Date "2016.01.10"]
[Round "9"]
[White "Munoz Contreras, Nelson"]
[Black "Buzeta Ogalde, Axhel"]
[Result "1-0"]
[WhiteElo "2071"]
[BlackElo "1783"]
[PlyCount "59"]
[EventDate "2016.01.05"]
[EventType "swiss"]
[EventRounds "9"]
[EventCountry "CHI"]
[SourceTitle "CBM 170 Extra"]
[Source "ChessBase"]
[SourceDate "2016.02.25"]
[SourceVersion "1"]
[SourceVersionDate "2016.02.25"]
[SourceQuality "1"]

1. d4 d5 2. Bg5 g6 3. c4 c6 4. Nc3 Bg7 5. Nf3 f6 6. Bf4 Nh6 7. cxd5 cxd5 8. Qb3 e6 9. Nb5 Na6 10. Nd6+ Kf8 11. Qa3 Kg8 12. e4 Nc7 13. e5 Nf7 14. Nxf7 Kxf7 15. Rc1 Ne8 16. Be2 Rf8 17. h4 h5 18. exf6 Bxf6 19. Ne5+ Bxe5 20. Bxe5 Bd7 21. Rh3 Ng7 22. Rc7 Kg8 23. Rg3 Qe8 24. Bd3 Nf5 25. Bxf5 Rxf5 26. Qd6 Rd8 27. Rxb7 Rf7 28. Rxg6+ Kh7 29. Rg5 Kh6 30. Bf4 1-0

[Event "Antofagasta"]
[Site "Antofagasta"]
[Date "2012.06.29"]
[Round "1"]
[White "Munoz Contreras, Nelson"]
[Black "Mesias Rojas, Rabindranath"]
[Result "0-1"]
[WhiteElo "2112"]
[BlackElo "2232"]
[PlyCount "129"]
[EventDate "2012.06.29"]
[EventType "tourn"]
[EventRounds "6"]
[EventCountry "CHI"]
[SourceTitle "EXT 2024"]
[Source "ChessBase"]
[SourceDate "2023.10.10"]
[SourceVersion "1"]
[SourceVersionDate "2023.10.10"]
[SourceQuality "1"]

1. d4 e6 2. c4 c5 3. d5 d6 4. Nc3 Nf6 5. Nf3 e5 6. e4 Be7 7. h3 h5 8. Be3 h4 9. Be2 Nbd7 10. Ng5 Nh7 11. Nxh7 Rxh7 12. Qd2 g5 13. 0-0-0 Nf8 14. Kb1 Ng6 15. Bf3 a6 16. Rdg1 Bd7 17. Bg4 Bxg4 18. hxg4 f6 19. Rh3 Qd7 20. Qe2 Rb8 21. a4 Bd8 22. Qf3 Rf7 23. Qf5 Ne7 24. Qxd7+ Kxd7 25. g3 hxg3 26. Rgxg3 Ba5 27. Bd2 Ng6 28. Kc2 Nh4 29. Ne2 Bxd2 30. Kxd2 Kc7 31. Rb3 b6 32. Ng3 Kd8 33. Nh5 Rfb7 34. Kc2 Ke7 35. Ng3 Kf7 36. Nh5 Kg6 37. Rhg3 b5 38. axb5 axb5 39. Rxb5 Rxb5 40. cxb5 Rxb5 41. Ra3 Rb6 42. Ra7 Nf3 43. Rg7+ Kh6 44. Rf7 Nd4+ 45. Kc1 Ne2+ 46. Kc2 Nd4+ 47. Kb1 c4 48. Rxf6+ Kh7 49. Rf7+ Kg6 50. Rg7+ Kh6 51. Rc7 Rb4 52. Ng3 Nb5 53. Nf5+ Kg6 54. Rc6 c3 55. Nxd6 Rxb2+ 56. Kc1 Nd4 57. Rxc3 Rxf2 58. Re3 Rg2 59. Nc4 Rc2+ 60. Kb1 Rxc4 61. Ra3 Nb5 62. Ra6+ Kf7 63. d6 Rxe4 64. Rb6 Rb4+ 65. Kc1 0-1

[Event "Sydney op"]
[Site "Parramatta"]
[Date "2007.04.14"]
[Round "8"]
[White "Munoz Contreras, Nelson"]
[Black "Smith, Vivian J"]
[Result "1-0"]
[WhiteElo "2117"]
[BlackElo "1742"]
[PlyCount "57"]
[EventDate "2007.04.10"]
[EventType "swiss"]
[EventRounds "9"]
[EventCountry "AUS"]
[SourceTitle "EXT 2023"]
[Source "ChessBase"]
[SourceDate "2022.10.05"]
[SourceVersion "1"]
[SourceVersionDate "2022.10.05"]
[SourceQuality "1"]

1. d4 Nf6 2. Bg5 g6 3. Bxf6 exf6 4. e3 f5 5. h4 h5 6. c4 Bg7 7. Nc3 d6 8. Nf3 0-0 9. Be2 Re8 10. Qb3 Nd7 11. Ng5 c6 12. 0-0-0 Nf6 13. Bf3 Bh6 14. d5 c5 15. Rde1 Bxg5 16. hxg5 Nh7 17. Bxh5 Qxg5 18. f4 Qd8 19. Bf3 Nf6 20. g3 Bd7 21. e4 fxe4 22. Nxe4 Bf5 23. Qc3 Bxe4 24. Bxe4 Rb8 25. g4 Kf8 26. Bf3 Nd7 27. g5 f6 28. Bg4 fxg5 29. Be6 1-0

[Event "Sydney op"]
[Site "Parramatta"]
[Date "2007.04.13"]
[Round "6"]
[White "Munoz Contreras, Nelson"]
[Black "Lane, Gary William"]
[Result "0-1"]
[WhiteElo "2117"]
[BlackElo "2421"]
[PlyCount "68"]
[EventDate "2007.04.10"]
[EventType "swiss"]
[EventRounds "9"]
[EventCountry "AUS"]
[SourceTitle "CBM 117 Extra"]
[Source "ChessBase"]
[SourceDate "2007.05.09"]
[SourceVersion "1"]
[SourceVersionDate "2007.05.09"]
[SourceQuality "1"]

1. d4 Nf6 2. Bg5 e6 3. e4 h6 4. Bxf6 Qxf6 5. Nc3 d6 6. Nf3 Nd7 7. Nb5 Qd8 8. Qd2 a6 9. Nc3 g6 10. Bc4 Bg7 11. h4 b5 12. Bd3 c5 13. d5 Nb6 14. dxe6 Bxe6 15. h5 g5 16. Be2 Qe7 17. 0-0 b4 18. Nd1 0-0 19. c3 a5 20. Ne3 Na4 21. Nd1 Rab8 22. c4 Bg4 23. Qc2 Nb6 24. Nd4 Bd7 25. Nf5 Bxf5 26. exf5 Bd4 27. Bf3 Qe5 28. Rb1 Nd7 29. b3 Nf6 30. Nb2 g4 31. Nd3 Qxf5 32. Bd1 Ne4 33. Ne1 g3 34. Nd3 Qg5 0-1